000 00662nam a2200241 i 4500
003 DO-SdBNP
005 20250828110448.0
007 ta
008 250828s1977 dr 000 j spa d
040 _aDO-SdBNP
_bspa
_cBNPHU
_erda
082 _axxx
_bN454p
_222
100 _aNeruda, Pablo
_eautor
_920516
110 _932074
245 1 0 _aPoesía politica /
_cPablo Neruda
264 1 _aSanto Domingo :
_bEditora Cosmos,
_c1977
300 _a82 páginas,
_c24 cm.
336 _2rdacontent
_atexto
_btxt
337 _2rdamedia
_asin mediación
_bn
338 _2rdacarrier
_avolumen
_bnc
590 _aInventariado, 2025/DG
910 _aDG
942 _2ddc
_cLBS1
999 _c59841
_d59841